| 000 | 00558nam a2200205Ia 4500 | ||
|---|---|---|---|
| 005 | 20260429112122.0 | ||
| 008 | 260429s9999||||xx |||||||||||||| ||und|| | ||
| 020 | _a9789391985868 | ||
| 041 | _aEnglish | ||
| 082 |
_a294.3 _bLAM |
||
| 100 | _aLama, G. K. | ||
| 245 | 0 |
_aBuddhism : _ban inextricable part of India's cultural and philosophical heritage, Part 2 / _cG. K. Lama |
|
| 250 | _a1st ed. | ||
| 260 |
_bBuddhist World Press, _c2025. |
||
| 300 | _axvii, 318 p.; hb | ||
| 440 | _vPart 2 | ||
| 650 | _a Buddhism | ||
| 650 | _aBudda | ||
| 942 | _cTB | ||
| 999 |
_c52446 _d52446 |
||